000 00346nam a2200145Ia 4500
008 230917s9999||||xx |||||||||||||| ||und||
040 _e122975
_aMAIN
041 _aEnglish
082 _a647.94 S64A
100 _aSingh, R K
245 0 _aAtithi Devo Bhavah
260 _aNew Delhi
_bAman Publications
_c2007
300 _a282 p.
942 _cBK
999 _c145729
_d145729